[Event "Elit(Burgsvik-Limhamn)"]
[Site "?"]
[Date "2016.03.20"]
[Round "9"]
[White "Schneider, Stefan"]
[Black "Andersson, Bjorn"]
[Result "1/2-1/2"]
[WhiteElo "2378"]
[BlackElo "2179"]
[PlyCount "214"]

1. d4 Nf6 2. c4 c5 3. d5 g6 4. Nc3 Bg7 5. e4 d6 6. Be2 Na6 7. Nf3 O-O 8. O-O
Nc7 9. a4 a6 10. Bg5 h6 11. Be3 Bd7 12. a5 Rb8 13. h3 b5 14. axb6 Rxb6 15. e5
Nfe8 16. Qd2 Kh7 17. Bd3 Qb8 18. Ra2 Rb3 19. Qc2 dxe5 20. Nd2 Rb7 21. Nde4 Bc8
22. Nxc5 Rb4 23. h4 f5 24. f3 Kh8 25. b3 Nd6 26. Ra3 f4 27. Bf2 Nf5 28. Bxf5
Bxf5 29. N3e4 g5 30. hxg5 Rb6 31. Rfa1 Qc8 32. Ne6 Rxe6 33. dxe6 hxg5 34. Qe2
Qxe6 35. Nc5 Qg6 36. Rxa6 Nxa6 37. Rxa6 Bf6 38. Ne4 g4 39. Kf1 Rg8 40. Ke1 Rd8
41. Nxf6 exf6 42. Bh4 Rd3 43. Bxf6+ Kh7 44. Ra7+ Bd7 45. fxg4 Kg8 46. Kf2 e4
47. g5 Rd2 48. Qxd2 e3+ 49. Qxe3 fxe3+ 50. Kxe3 Qf5 51. Ra8+ Kf7 52. Kd4 Qf2+
53. Kc3 Bc6 54. Rd8 Qe1+ 55. Kb2 Be4 56. Ka3 Qa5+ 57. Kb2 Bxg2 58. Rd7+ Kg6 59.
Re7 Bc6 60. Re5 Qb4 61. Be7 Qb7 62. Kc3 Qa6 63. Bf6 Bd7 64. Kb4 Be6 65. Rb5 Bf5
66. Kc3 Be4 67. Re5 Qa1+ 68. Kb4 Qb1 69. Rb5 Kf7 70. Ka3 Ke6 71. Re5+ Kd6 72.
Rb5 Kc6 73. Bb2 Bc2 74. Bf6 Be4 75. Bb2 Kd7 76. Bf6 Bc6 77. Re5 Kc7 78. Re7+
Bd7 79. Re5 Qd1 80. Rc5+ Bc6 81. Re5 Kb6 82. Kb2 Qd2+ 83. Ka3 Kb7 84. Re7+ Ka6
85. Re5 Kb6 86. Rf5 Be4 87. Rb5+ Ka6 88. Bb2 Bb1 89. Bf6 Qa2+ 90. Kb4 Qd2+ 91.
Ka3 Be4 92. Bb2 Qd6+ 93. Ka2 Bc6 94. Re5 Qd2 95. Ka3 Be4 96. Rb5 Bc6 97. Re5
Kb6 98. Ka2 Qg2 99. Ka3 Be4 100. Rb5+ Kc6 101. Bd4 Qg4 102. Bf6 Qd1 103. Bb2
Qb1 104. Re5 Bd3 105. Re6+ Kd7 106. Re5 Qf1 107. Rd5+ Kc6 1/2-1/2

[Event "Elit(Burgsvik-Limhamn)"]
[Site "?"]
[Date "2016.03.20"]
[Round "9"]
[White "Nygren, Kim"]
[Black "Helgason, Reynir"]
[Result "1/2-1/2"]
[WhiteElo "2274"]
[BlackElo "2367"]
[PlyCount "96"]

1. e4 c6 2. d4 d5 3. e5 Bf5 4. Nf3 e6 5. Be2 Nd7 6. O-O h5 7. c4 dxc4 8. Bxc4
Be7 9. Nc3 Nh6 10. Re1 Nb6 11. Bb3 h4 12. Ne4 h3 13. Bf4 hxg2 14. Nd6+ Bxd6 15.
exd6 Bg4 16. d5 cxd5 17. Bxd5 Nxd5 18. Qxd5 O-O 19. Qb3 Qf6 20. Re4 Bxf3 21.
Qxf3 Rad8 22. Rd1 Rd7 23. Qxg2 Nf5 24. Be5 Qh6 25. Rg4 f6 26. Bf4 Qh5 27. Rd3
e5 28. Bd2 Rfd8 29. Rh3 Qf7 30. Qe4 Qe6 31. Bb4 a5 32. Bxa5 Ra8 33. b4 Rxd6 34.
Rh5 Rd4 35. Qf3 g5 36. Rxd4 Nxd4 37. Qe4 Qf7 38. Rh6 f5 39. Qe3 g4 40. Qg5+ Qg7
41. Qh5 Ne2+ 42. Kf1 Nf4 43. Qh4 Rc8 44. Bc7 Ng6 45. Qh5 Nf4 46. Qh4 Ng6 47.
Qh5 Nf4 48. Qh4 Ng6 1/2-1/2

[Event "Elit(Burgsvik-Limhamn)"]
[Site "?"]
[Date "2016.03.20"]
[Round "9"]
[White "Tadjerbashi, Amir"]
[Black "Packalen, Marcus"]
[Result "1/2-1/2"]
[WhiteElo "2227"]
[BlackElo "2171"]
[PlyCount "38"]

1. e4 b6 2. d4 Bb7 3. Nc3 e6 4. Nf3 Bb4 5. Bd3 Nf6 6. Qe2 d5 7. exd5 Qxd5 8.
O-O Bxc3 9. bxc3 Qh5 10. Ne5 Qxe2 11. Bxe2 Nbd7 12. Bb5 a6 13. Bc6 Bxc6 14.
Nxc6 Nb8 15. Ne5 Nbd7 16. f4 Ne4 17. Nxd7 Kxd7 18. f5 exf5 19. Rxf5 Nd6 1/2-1/2

[Event "Elit(Burgsvik-Limhamn)"]
[Site "?"]
[Date "2016.03.20"]
[Round "9"]
[White "Linusson, Pelle"]
[Black "Penalver, Osmani"]
[Result "1-0"]
[WhiteElo "2233"]
[BlackElo "2251"]
[PlyCount "81"]

1. Nf3 Nf6 2. c4 e6 3. g3 c6 4. Bg2 d5 5. O-O Be7 6. d4 b5 7. c5 a5 8. Nbd2
Nbd7 9. Qc2 O-O 10. e4 dxe4 11. Nxe4 Nxe4 12. Qxe4 Nf6 13. Qc2 Nd5 14. Ne5 Bd7
15. Be4 f5 16. Bf3 Be8 17. Bd2 Bf6 18. Rfe1 Ra7 19. Rad1 Re7 20. h4 Ra7 21. Qc1
Kh8 22. Bg5 h6 23. Bxf6 Qxf6 24. Kg2 Kg8 25. Qd2 Kh7 26. Re2 Qd8 27. Rde1 Rf6
28. Kg1 Kg8 29. Nd3 Bf7 30. a3 Re7 31. Bxd5 Qxd5 32. Nf4 Qd8 33. d5 cxd5 34.
Nxd5 Re8 35. Nxf6+ Qxf6 36. Qf4 Bh5 37. Re5 g5 38. Qd4 Bf3 39. Qd7 Re7 40. Rxe6
Qxe6 41. Qxe6+ 1-0

[Event "Elit(LASK-Team Viking)"]
[Site "?"]
[Date "2016.03.20"]
[Round "9"]
[White "Meier, Georg"]
[Black "Smith, Axel"]
[Result "1/2-1/2"]
[WhiteElo "2660"]
[BlackElo "2491"]
[PlyCount "188"]

1. Nf3 d5 2. g3 c5 3. Bg2 Nf6 4. O-O g6 5. c3 Bg7 6. d4 cxd4 7. cxd4 O-O 8. Nc3
Ne4 9. Ne5 Nxc3 10. bxc3 Nc6 11. Nxc6 bxc6 12. Qa4 Qb6 13. Ba3 Qa6 14. Qxa6
Bxa6 15. Rfb1 Bxe2 16. Bxe7 Rfe8 17. Rb7 Bf8 18. Bf6 Ba6 19. Rc7 Rec8 20. Rd7
Bg7 21. Bxg7 Kxg7 22. Bf1 Bxf1 23. Kxf1 c5 24. Rb1 cxd4 25. cxd4 Rcb8 26. Rxb8
Rxb8 27. Rxd5 Rb4 28. Ra5 Rxd4 29. Rxa7 Rd2 30. h4 h5 31. Kg2 Kf6 32. Kf3 Rc2
33. a4 Rc4 34. a5 Ra4 35. a6 g5 36. hxg5+ Kxg5 37. Rxf7 Rxa6 38. Rh7 Ra3+ 39.
Kg2 Ra2 40. Rh8 Kg6 41. Rg8+ Kh7 42. Rd8 Kg6 43. Rd5 Rb2 44. Re5 Ra2 45. Kf3
Rb2 46. Re2 Rb4 47. Rd2 Ra4 48. Rd6+ Kg7 49. Re6 Rb4 50. Re4 Rb2 51. Ke3 Kf6
52. Rd4 Ra2 53. Rd5 Kg6 54. f4 Ra3+ 55. Kf2 Ra2+ 56. Kf3 Ra3+ 57. Kg2 Ra1 58.
Rd6+ Kg7 59. Re6 Rb1 60. Kf2 Ra1 61. Re1 Ra4 62. Kf3 Kf6 63. Rh1 Kg6 64. Kg2
Kh6 65. Kh3 Ra6 66. Rf1 Ra7 67. Kg2 Ra2+ 68. Rf2 Ra7 69. Rb2 Ra6 70. Rb5 Rc6
71. Rb8 Rc1 72. Re8 Kg6 73. Re6+ Kg7 74. Kf3 Rf1+ 75. Kg2 Ra1 76. Kf2 Rb1 77.
Re1 Rb4 78. Kf3 Kf6 79. Re8 Kg6 80. Re6+ Kg7 81. Re4 Rb3+ 82. Re3 Rb4 83. Re1
Ra4 84. Rf1 Kh6 85. Rh1 Kg6 86. Kg2 Kh6 87. Rf1 Ra6 88. Kh3 Ra7 89. Kh4 Rg7 90.
Rf3 Rg4+ 91. Kh3 Rg7 92. Re3 Rg8 93. Re7 Rg6 94. Re1 Rg8 1/2-1/2

[Event "Elit(LASK-Team Viking)"]
[Site "?"]
[Date "2016.03.20"]
[Round "9"]
[White "Tikkanen, Hans"]
[Black "Berg, Emanuel"]
[Result "1/2-1/2"]
[WhiteElo "2511"]
[BlackElo "2571"]
[PlyCount "95"]

1. d4 Nf6 2. c4 g6 3. Nc3 Bg7 4. e4 d6 5. Nf3 O-O 6. Be2 e5 7. O-O Nbd7 8. Be3
Qe7 9. Qc2 c6 10. Rad1 h6 11. h3 exd4 12. Rxd4 Nc5 13. b4 Ne6 14. Rd3 Nd7 15.
Rfd1 Ne5 16. Rxd6 Nxf3+ 17. Bxf3 Be5 18. c5 Qh4 19. Bg4 h5 20. Bxe6 Bxe6 21.
Qd2 Bxh3 22. gxh3 Qxh3 23. f4 Qg3+ 24. Kf1 f5 25. fxe5 fxe4+ 26. Rf6 Qxe5 27.
Rxf8+ Rxf8+ 28. Kg2 Qe6 29. Qd6 Qg4+ 30. Kh2 Qh4+ 31. Kg1 Qg4+ 32. Kh2 Qh4+ 33.
Kg2 Qg4+ 34. Qg3 Qxg3+ 35. Kxg3 Rf3+ 36. Kh4 Rxe3 37. Nb1 Kg7 38. Rd7+ Kh6 39.
Rd6 Rf3 40. Nd2 Rf4+ 41. Kg3 Rg4+ 42. Kf2 h4 43. Ke3 h3 44. Rd8 Kg7 45. Rd7+
Kh6 46. Rd8 Kg7 47. Rd7+ Kh6 48. Rd8 1/2-1/2

[Event "Elit(LASK-Team Viking)"]
[Site "?"]
[Date "2016.03.20"]
[Round "9"]
[White "Ahlander, Bjorn"]
[Black "Westerberg, Jonathan"]
[Result "1/2-1/2"]
[WhiteElo "2416"]
[BlackElo "2490"]
[PlyCount "132"]

1. d4 d5 2. c4 dxc4 3. e4 b5 4. a4 c6 5. b3 e5 6. Nf3 Nf6 7. bxc4 Nxe4 8. Bd3
Bb4+ 9. Kf1 Nc5 10. dxc5 e4 11. Ba3 Bxa3 12. Nxa3 exd3 13. cxb5 O-O 14. Nc4 Qd5
15. Ne3 Qxc5 16. Qxd3 a6 17. bxc6 a5 18. Qa3 Qxa3 19. Rxa3 Nxc6 20. h4 Rb8 21.
Kg1 Rb2 22. h5 h6 23. Rh4 Be6 24. Nd4 Nxd4 25. Rxd4 Rc8 26. f4 Rc1+ 27. Kh2 Rc5
28. Kg3 Rxh5 29. Rc3 Rb4 30. Rcd3 Rc5 31. Rxb4 axb4 32. Rd8+ Kh7 33. Rb8 Rc3
34. Kf2 b3 35. f5 Bc4 36. Nxc4 Rxc4 37. Rxb3 Rxa4 38. Kf3 h5 39. Rb7 f6 40. g3
Kh6 41. Rc7 Ra1 42. Rb7 Rf1+ 43. Ke4 h4 44. gxh4 Rh1 45. Kf3 Rxh4 46. Ra7 Rb4
47. Rc7 Kg5 48. Rxg7+ Kxf5 49. Ra7 Rb3+ 50. Kf2 Kg5 51. Ra5+ f5 52. Ra4 Rb2+
53. Kf3 Rc2 54. Rb4 Ra2 55. Rc4 Ra3+ 56. Kf2 Rh3 57. Kg2 Re3 58. Kf2 Re4 59.
Rxe4 fxe4 60. Ke3 Kf5 61. Ke2 Kf4 62. Kf2 e3+ 63. Ke2 Ke4 64. Ke1 Kd3 65. Kd1
e2+ 66. Ke1 Ke3 1/2-1/2

[Event "Elit(LASK-Team Viking)"]
[Site "?"]
[Date "2016.03.20"]
[Round "9"]
[White "Bellon Lopez, Juan"]
[Black "Semcesen, Daniel"]
[Result "1/2-1/2"]
[WhiteElo "2376"]
[BlackElo "2432"]
[PlyCount "44"]

1. d4 d5 2. Bf4 c5 3. e3 Nc6 4. Nc3 Bf5 5. Nf3 e6 6. Nb5 Rc8 7. dxc5 Bxc5 8. c3
Bg4 9. Be2 Nf6 10. O-O O-O 11. Ne5 Bxe2 12. Qxe2 a6 13. Nd4 Nxe5 14. Bxe5 Bd6
15. Bxd6 Qxd6 16. Rfd1 Rfd8 17. Nf3 h6 18. Nd2 Qe5 19. Nf3 Qd6 20. Nd2 Qe5 21.
Nf3 Qd6 22. Nd2 Qe5 1/2-1/2

[Event "Elit(LASK-Team Viking)"]
[Site "?"]
[Date "2016.03.20"]
[Round "9"]
[White "Dragicevic, Drazen"]
[Black "Nithander, Victor"]
[Result "1-0"]
[WhiteElo "2309"]
[BlackElo "2440"]
[PlyCount "69"]

1. Nf3 g6 2. c4 Bg7 3. g3 Nf6 4. Bg2 O-O 5. O-O d6 6. Nc3 e5 7. d3 Nh5 8. d4
Na6 9. dxe5 dxe5 10. Qb3 c6 11. Ne4 Qe7 12. Rd1 b6 13. Qa4 Qc7 14. g4 Nf4 15.
Bxf4 exf4 16. Nd4 Bb7 17. Rd2 Rad8 18. Rad1 h6 19. g5 hxg5 20. Nxg5 Rxd4 21.
Rxd4 Bxd4 22. Rxd4 Qe5 23. Nf3 Qxe2 24. Rxf4 Nc5 25. Qa3 Nd3 26. Rh4 Qxf2+ 27.
Kh1 Rd8 28. Qe7 Rb8 29. Qf6 Qxh4 30. Qxh4 Re8 31. Qd4 Nc5 32. b4 Ne6 33. Qd7
Rb8 34. Ne5 Nd8 35. Qe8+ 1-0

[Event "Elit(LASK-Team Viking)"]
[Site "?"]
[Date "2016.03.20"]
[Round "9"]
[White "Sagit, Rauan"]
[Black "Hansson, Fredrik"]
[Result "1-0"]
[WhiteElo "2375"]
[BlackElo "2102"]
[PlyCount "147"]

1. Nf3 d5 2. g3 Nf6 3. Bg2 g6 4. b3 Bg7 5. Bb2 O-O 6. O-O b6 7. d3 Bb7 8. Nbd2
c5 9. a4 Nc6 10. Ne5 Qc7 11. Nxc6 Bxc6 12. e3 Rfd8 13. Nf3 Nd7 14. Bxg7 Kxg7
15. Qc1 Rac8 16. Qb2+ Kg8 17. Rac1 Bb7 18. Bh3 e6 19. d4 Ba6 20. Rfe1 cxd4 21.
Qxd4 Qc3 22. Qh4 Qf6 23. Qxf6 Nxf6 24. Nd4 Rc3 25. Bf1 Bxf1 26. Kxf1 Rdc8 27.
Re2 a6 28. f4 Ne4 29. Rce1 Kf8 30. Rg2 Ke7 31. Ree2 f6 32. Nf3 Kd6 33. Ne1 b5
34. axb5 axb5 35. Nd3 Ra8 36. Re1 Ra2 37. Nb4 Ra7 38. Rge2 Kc5 39. Nd3+ Kb6 40.
Nb4 Ra3 41. Nd3 Ka5 42. Rc1 Ra2 43. Ne1 Nc5 44. Rd1 Kb4 45. g4 Ne4 46. f5 Rc7
47. fxe6 Kc5 48. Nd3+ Kd6 49. Nb4 Nc3 50. Rxd5+ Nxd5 51. Nxa2 Rxc2 52. e4 Rxe2
53. Kxe2 Nf4+ 54. Ke3 Nxe6 55. Nc3 Nc7 56. Kd4 Ne6+ 57. Ke3 Nc7 58. Kd4 Ne6+
59. Ke3 Nc7 60. Ne2 Ke5 61. Nf4 f5 62. exf5 gxf5 63. g5 Kd6 64. h4 Ke5 65. h5
Ne8 66. Nd3+ Ke6 67. Kd4 Kd6 68. Nf4 Nc7 69. g6 hxg6 70. h6 g5 71. h7 gxf4 72.
h8=Q Ne6+ 73. Kc3 Kd5 74. Qf6 1-0

[Event "Elit(LASK-Team Viking)"]
[Site "?"]
[Date "2016.03.20"]
[Round "9"]
[White "Szumniak, Jedrzej"]
[Black "Grandell, Anders"]
[Result "1/2-1/2"]
[WhiteElo "2059"]
[BlackElo "2330"]
[PlyCount "92"]

1. d4 Nf6 2. Nf3 g6 3. c4 c5 4. e3 Bg7 5. Nc3 O-O 6. Be2 d6 7. O-O Nc6 8. b3
cxd4 9. exd4 d5 10. h3 Ne4 11. Bb2 Nxc3 12. Bxc3 Be6 13. Rc1 h6 14. c5 b6 15.
b4 bxc5 16. bxc5 Rb8 17. Rb1 Qc7 18. Qd2 Bf5 19. Rb3 Be4 20. Nh2 e5 21. dxe5 d4
22. Ba1 Bxe5 23. Ng4 Bf4 24. Qd1 f5 25. Rxb8 Qxb8 26. Bc4+ Kh7 27. f3 fxg4 28.
hxg4 Be3+ 29. Kh1 Qg3 30. Qe1 Qxe1 31. Rxe1 Bc2 32. Bb5 Ne5 33. Rxe3 dxe3 34.
Bxe5 e2 35. Bxe2 Re8 36. f4 Be4 37. Bb5 Rc8 38. Bd6 Bc6 39. Bd3 Re8 40. Be5 Bd7
41. Be2 Bc6 42. Kg1 Rd8 43. Bd6 Re8 44. Be5 Rd8 45. Bd6 Re8 46. Be5 Rd8 1/2-1/2